LEADER 01259nam a2200277 4500 001 000000349827 003 CaOOAMICUS 005 20231012114236.0 008 220329s2010 it 000 u ita r 020 $a978-88-15-10687-2 040 $aSeMil$bita 100 1 $aBernardelli, Andrea,$d<1962- >.$0(OLS)http://semarc/name/115679 245 13$aIl testo narrativo :$bistruzioni per la lettura e l'interpretazione /$cAndrea Bernardelli, Remo Ceserani. 264 3$aBologna :$bIl Mulino,$cstampa 2010. 300 $a267 p. ;$c22 cm 490 1 $aItinerari. Critica letteraria 650 4$aLetteratura - Saggi.$0(OLS)http://semarc/subject/200 700 1 $aCeserani, Remo,$d<1933-2016>.$0(OLS)http://semarc/name/6309 830 0$aItinerari. Critica letteraria.$0(OLS)http://semarc/title/439467 850 $aSeMil 852 $aSeMil$W1$xVenegono$y1$m1O II 276$j232364$B240866$CSeMilBibl$Z2$F240866 $81 961 $aPontiggia don Virginio - Omaggio 996 $6020$a978-88-15-10687-2$9(OLS)http://semarc/number/295563 996 $6245$aIl testo narrativo :$bistruzioni per la lettura e l'interpretazione$9(OLS)http://semarc/title/439468 996 $6264$aBologna :$bIl Mulino$9(OLS)http://semarc/publisher/29842 LEADER 02291nam a2200265 4500 001 000000355653 003 CaOOAMICUS 005 20231010110029.0 008 231010s1791 fr a 000 u fre r 026 $er.se t.s. r.la (2av (3) 1791 (A) 040 $aSeMil$bita 100 11$aMillin, Aubin-Louis,$d<1759-1818>.$0(OLS)http://semarc/name/12000 245 10$aTome 3. 264 1$aA Paris :$bChez M. Drouhin, éditeur et propriétaire dudit ouvrage, rue Christine, n° 2,$c1791. 300 $a[2], 7, [1], 80, 46, 12, 28 [i.e 30], 60, 26, 22, 37, [1], 32, 4, 30, 10, xxxiv p., [46] carte di tav. di cui 2 ripieg. :$bill. ;$c2° 500 $aSegn.: ? A? ²A-K? ³A-E? F? (-F4) ?A² (-?A2) B? C² (-C2) ?A? (-?A4) B-D? ?A-G? H² ?A-C? D² (-D2) ?A-B? C? (-C?) ?A² (-?A2) B-E? F² ?A² B-D? E² ¹?A² ¹¹A-C? D? (-D4) ¹²A² (-¹²A2) B? ¹³A-D? ? 500 $aRipetute nella sesta sequenza le p. 27-28 500 $aContiene: XXIV, Cordeliers de Mantes (Seine-et-Oise); XXV, couvent des Grands-Augustins (Paris); XXVI, monuments de la ville de Vernon (Eure); XXVII, église du Sépulcre (Paris); XXVIII, collégiale d'Ecouis (Eure); XXIX, église de Saint-Benoît (Paris); XXX, grosse horloge de Rouen; XXXI, palais de justice de Rouen: XXXII, église des Mathurins (Paris); XXXIII, commanderie de Saint-Jean-en-L'Isle (Seine-et-Oise); XXXIV, pilori (Paris); XXXV, Saint-Côme (Paris); XXXVI, tour et fontaine de la Pucelle (Rouen) 773 0 $aMillin, Aubin-Louis <1759-1818>$tAntiquités nationales, ou Recueil de monumens pour servir à l'histoire générale et particulière de l'Empire françoise ... par Aubin-Louis Millin. ... Tome premier [-cinquième].$dA Paris : Chez M. Drouhin, éditeur et propriétaire dudit ouvrage, rue Saint-André-des-Arcs, n° 92, jusqu'à Pâques, et à cette époque, rue Christine, n° 2, 1790-1798.$g3$w()355650 850 $aSeMil 852 $aSeMil$W1$xVenegono$y1$m3XH VII 3 FA$j243738$B246901$CSeMilBibl$Z2$F246901 $8I 941 1 $a10 996 $6245$aTome 3$9(OLS)http://semarc/title/1575 996 $6264$aA Paris :$bChez M. Drouhin, éditeur et propriétaire dudit ouvrage, rue Christine, n° 2$9(OLS)http://semarc/publisher/61314